<?xml version="1.0" encoding="UTF-8"?>
<record
    xmlns:xsi="http://www.w3.org/2001/XMLSchema-instance"
    xsi:schemaLocation="http://www.loc.gov/MARC21/slim http://www.loc.gov/standards/marcxml/schema/MARC21slim.xsd"
    xmlns="http://www.loc.gov/MARC21/slim">

  <leader>01549nam a2200241 u 4500</leader>
  <controlfield tag="001">46581</controlfield>
  <controlfield tag="005">20260504074438.0</controlfield>
  <controlfield tag="008">960313s1984                        spa  </controlfield>
  <datafield tag="020" ind1=" " ind2=" ">
    <subfield code="a">9788434483729</subfield>
  </datafield>
  <datafield tag="035" ind1=" " ind2=" ">
    <subfield code="a">46581</subfield>
  </datafield>
  <datafield tag="035" ind1=" " ind2=" ">
    <subfield code="a">(OCoLC)778114727</subfield>
  </datafield>
  <datafield tag="040" ind1=" " ind2=" ">
    <subfield code="c">comduadb</subfield>
  </datafield>
  <datafield tag="041" ind1=" " ind2=" ">
    <subfield code="a">spa</subfield>
  </datafield>
  <datafield tag="082" ind1=" " ind2="4">
    <subfield code="a">410</subfield>
  </datafield>
  <datafield tag="100" ind1="1" ind2="0">
    <subfield code="a">Jacobson, Rom&#xE1;n</subfield>
    <subfield code="4">aut</subfield>
    <subfield code="e">aut</subfield>
    <subfield code="9">470661</subfield>
  </datafield>
  <datafield tag="245" ind1="1" ind2="0">
    <subfield code="a">Ensayos de ling&#xFC;&#xED;stica general</subfield>
  </datafield>
  <datafield tag="260" ind1=" " ind2=" ">
    <subfield code="a">Barcelona :</subfield>
    <subfield code="b">Ariel,</subfield>
    <subfield code="c">1984.</subfield>
  </datafield>
  <datafield tag="300" ind1=" " ind2=" ">
    <subfield code="a">406 p&#xE1;ginas</subfield>
  </datafield>
  <datafield tag="490" ind1="0" ind2=" ">
    <subfield code="a">Letras e Ideas</subfield>
  </datafield>
  <datafield tag="505" ind1=" " ind2=" ">
    <subfield code="a">CONTENIDO : PROBLEMAS GENERALES. -- I: El lenguaje com&#xFA;n de antrop&#xF3;logos y ling&#xFC;istas. -- II: Los estudios tipol&#xF3;gicos y su contribuci&#xF3;n a la ling&#xFC;&#xED;stica hist&#xF3;rica comparada. -- III: Importancia de los universales del lenguaje para la ling&#xFC;&#xED;stica. -- IV: En torno a los aspectos ling&#xFC;&#xED;sticos de la traducci&#xF3;n. -- V: La ling&#xFC;&#xED;stica y la teor&#xED;a de la comunicaci&#xF3;n. -- FONOLOG&#xCD;A. -- VI: La estructura del fonema. -- VII: Panorama retrospectivo. -- VIII: La identificaci&#xF3;n de las entidades fon&#xE9;micas. -- IX: Sobre la teor&#xED;a de las afinidades fonol&#xF3;gicas en tres lenguas. -- GRAM&#xC1;TICA. -- X: Los aspectos fon&#xE9;micos y gramaticales de la lengua de la lengua en sus interrelaciones. -- XI: Contribuciones a la teor&#xED;a general de los casos. Significados generales de los casos rusos. -- XII: Los conmutadores, las categor&#xED;as verbales y el verbo ruso. -- XIII: La significaci&#xF3;n gramatical Boas. -- PO&#xC9;TICA. -- XIV: Ling&#xFC;&#xED;stica y po&#xE9;tica.</subfield>
  </datafield>
  <datafield tag="650" ind1=" " ind2="7">
    <subfield code="a">Ling&#xFC;&#xED;stica</subfield>
    <subfield code="2">lemb</subfield>
    <subfield code="9">6919</subfield>
  </datafield>
  <datafield tag="942" ind1=" " ind2=" ">
    <subfield code="c">BOOK</subfield>
  </datafield>
  <datafield tag="999" ind1=" " ind2=" ">
    <subfield code="c">38092</subfield>
    <subfield code="d">38092</subfield>
  </datafield>
  <datafield tag="952" ind1=" " ind2=" ">
    <subfield code="0">0</subfield>
    <subfield code="1">0</subfield>
    <subfield code="4">0</subfield>
    <subfield code="7">0</subfield>
    <subfield code="8">SEMIACTIVA</subfield>
    <subfield code="a">BC</subfield>
    <subfield code="b">BC</subfield>
    <subfield code="d">1996-09-02</subfield>
    <subfield code="e">Otros proveedores</subfield>
    <subfield code="g">1900.00</subfield>
    <subfield code="i">C77794</subfield>
    <subfield code="l">0</subfield>
    <subfield code="o">410 J25e</subfield>
    <subfield code="p">61000000632063</subfield>
    <subfield code="r">2023-04-20 00:00:00</subfield>
    <subfield code="t">1</subfield>
    <subfield code="w">2023-04-20</subfield>
    <subfield code="y">BOOK</subfield>
  </datafield>
  <datafield tag="952" ind1=" " ind2=" ">
    <subfield code="0">0</subfield>
    <subfield code="1">0</subfield>
    <subfield code="4">0</subfield>
    <subfield code="7">0</subfield>
    <subfield code="8">GEN</subfield>
    <subfield code="a">BC</subfield>
    <subfield code="b">BC</subfield>
    <subfield code="d">1998-09-29</subfield>
    <subfield code="e">Otros proveedores</subfield>
    <subfield code="g">1900.00</subfield>
    <subfield code="i">C77795</subfield>
    <subfield code="l">0</subfield>
    <subfield code="o">410 J25e e2</subfield>
    <subfield code="p">01001543</subfield>
    <subfield code="r">2023-04-20 00:00:00</subfield>
    <subfield code="t">2</subfield>
    <subfield code="w">2023-04-20</subfield>
    <subfield code="y">BOOK</subfield>
  </datafield>
  <datafield tag="952" ind1=" " ind2=" ">
    <subfield code="0">0</subfield>
    <subfield code="1">0</subfield>
    <subfield code="4">0</subfield>
    <subfield code="7">0</subfield>
    <subfield code="8">GEN</subfield>
    <subfield code="a">BC</subfield>
    <subfield code="b">BC</subfield>
    <subfield code="d">1997-07-03</subfield>
    <subfield code="e">Otros proveedores</subfield>
    <subfield code="g">1900.00</subfield>
    <subfield code="i">C77796</subfield>
    <subfield code="l">0</subfield>
    <subfield code="o">410 J25e e3</subfield>
    <subfield code="p">61000000888988</subfield>
    <subfield code="r">2023-04-20 00:00:00</subfield>
    <subfield code="t">3</subfield>
    <subfield code="w">2023-04-20</subfield>
    <subfield code="y">BOOK</subfield>
  </datafield>
</record>
